<?xml version="1.0" encoding="UTF-8"?>
<record
    xmlns:xsi="http://www.w3.org/2001/XMLSchema-instance"
    xsi:schemaLocation="http://www.loc.gov/MARC21/slim http://www.loc.gov/standards/marcxml/schema/MARC21slim.xsd"
    xmlns="http://www.loc.gov/MARC21/slim">

  <leader>00911nam a2200205Ia 4500</leader>
  <datafield tag="952" ind1=" " ind2=" ">
    <subfield code="0">0</subfield>
    <subfield code="1">0</subfield>
    <subfield code="4">0</subfield>
    <subfield code="7">0</subfield>
    <subfield code="a">11</subfield>
    <subfield code="b">11</subfield>
    <subfield code="d">2007-01-08</subfield>
    <subfield code="l">0</subfield>
    <subfield code="o">HD58 K5518 2003</subfield>
    <subfield code="p">11 005399</subfield>
    <subfield code="r">2012-06-26</subfield>
    <subfield code="t">1</subfield>
    <subfield code="w">2012-06-26</subfield>
    <subfield code="y">LB</subfield>
  </datafield>
  <datafield tag="952" ind1=" " ind2=" ">
    <subfield code="0">0</subfield>
    <subfield code="1">0</subfield>
    <subfield code="4">0</subfield>
    <subfield code="7">0</subfield>
    <subfield code="a">11</subfield>
    <subfield code="b">11</subfield>
    <subfield code="d">2007-01-08</subfield>
    <subfield code="l">1</subfield>
    <subfield code="o">HD58 K5518 2003</subfield>
    <subfield code="p">11 005400</subfield>
    <subfield code="r">2014-02-10</subfield>
    <subfield code="s">2014-02-10</subfield>
    <subfield code="t">2</subfield>
    <subfield code="w">2012-06-26</subfield>
    <subfield code="y">LB</subfield>
  </datafield>
  <datafield tag="952" ind1=" " ind2=" ">
    <subfield code="0">0</subfield>
    <subfield code="1">0</subfield>
    <subfield code="4">0</subfield>
    <subfield code="7">0</subfield>
    <subfield code="a">11</subfield>
    <subfield code="b">11</subfield>
    <subfield code="d">2007-01-08</subfield>
    <subfield code="l">3</subfield>
    <subfield code="o">HD58 K5518 2003</subfield>
    <subfield code="p">11 005401</subfield>
    <subfield code="r">2019-03-22</subfield>
    <subfield code="s">2019-03-22</subfield>
    <subfield code="t">3</subfield>
    <subfield code="w">2012-06-26</subfield>
    <subfield code="y">LB</subfield>
  </datafield>
  <datafield tag="952" ind1=" " ind2=" ">
    <subfield code="0">0</subfield>
    <subfield code="1">0</subfield>
    <subfield code="4">0</subfield>
    <subfield code="7">0</subfield>
    <subfield code="a">11</subfield>
    <subfield code="b">11</subfield>
    <subfield code="d">2012-06-14</subfield>
    <subfield code="l">1</subfield>
    <subfield code="o">HD58 K5518 2003</subfield>
    <subfield code="p">11 009653</subfield>
    <subfield code="r">2015-07-19</subfield>
    <subfield code="s">2015-07-19</subfield>
    <subfield code="t">4</subfield>
    <subfield code="w">2012-06-26</subfield>
    <subfield code="y">LB</subfield>
  </datafield>
  <datafield tag="952" ind1=" " ind2=" ">
    <subfield code="0">0</subfield>
    <subfield code="1">0</subfield>
    <subfield code="4">0</subfield>
    <subfield code="7">0</subfield>
    <subfield code="a">11</subfield>
    <subfield code="b">11</subfield>
    <subfield code="d">2012-06-14</subfield>
    <subfield code="l">1</subfield>
    <subfield code="o">HD58 K5518 2003</subfield>
    <subfield code="p">11 009654</subfield>
    <subfield code="r">2019-03-22</subfield>
    <subfield code="s">2019-03-22</subfield>
    <subfield code="t">5</subfield>
    <subfield code="w">2012-06-26</subfield>
    <subfield code="y">LB</subfield>
  </datafield>
  <datafield tag="952" ind1=" " ind2=" ">
    <subfield code="0">0</subfield>
    <subfield code="1">0</subfield>
    <subfield code="4">0</subfield>
    <subfield code="7">0</subfield>
    <subfield code="a">11</subfield>
    <subfield code="b">11</subfield>
    <subfield code="d">2012-06-14</subfield>
    <subfield code="l">4</subfield>
    <subfield code="o">HD58 K5518 2003</subfield>
    <subfield code="p">11 009655</subfield>
    <subfield code="r">2019-03-26</subfield>
    <subfield code="s">2019-03-26</subfield>
    <subfield code="t">6</subfield>
    <subfield code="w">2012-06-26</subfield>
    <subfield code="y">LB</subfield>
  </datafield>
  <datafield tag="999" ind1=" " ind2=" ">
    <subfield code="c">71181</subfield>
    <subfield code="d">71181</subfield>
  </datafield>
  <controlfield tag="008">120626s2003    mx            000 0 spa d</controlfield>
  <datafield tag="020" ind1=" " ind2=" ">
    <subfield code="a">9701039696</subfield>
  </datafield>
  <datafield tag="050" ind1=" " ind2=" ">
    <subfield code="a">HD58</subfield>
    <subfield code="b"> K5518 2003</subfield>
  </datafield>
  <datafield tag="100" ind1=" " ind2=" ">
    <subfield code="a">Kinicki, Angelo</subfield>
    <subfield code="e">autor</subfield>
  </datafield>
  <datafield tag="245" ind1=" " ind2=" ">
    <subfield code="a">Comportamiento organizacional</subfield>
    <subfield code="b"> : conceptos, problemas y pr&#xE1;cticas </subfield>
    <subfield code="c"> / Angelo Kinicki;  Robert Kreitner</subfield>
  </datafield>
  <datafield tag="260" ind1=" " ind2=" ">
    <subfield code="a">M&#xE9;xico</subfield>
    <subfield code="b"> : McGraw-Hill  Interamericana</subfield>
    <subfield code="c"> , 2003</subfield>
  </datafield>
  <datafield tag="300" ind1=" " ind2=" ">
    <subfield code="a">469 p&#xE1;ginas</subfield>
    <subfield code="b">: ilustraciones</subfield>
  </datafield>
  <datafield tag="500" ind1=" " ind2=" ">
    <subfield code="a">Incluye: Notas, glosario e &#xED;ndices.</subfield>
  </datafield>
  <datafield tag="505" ind1=" " ind2=" ">
    <subfield code="a">Administraci&#xF3;n de personas en una econom&#xED;a global  
Administraci&#xF3;n de personal  
Toma de decisiones y administraci&#xF3;n de procesos sociales  
Administraci&#xF3;n de procesos organizacionales  
Administraci&#xF3;n de organizaciones en evoluci&#xF3;n  </subfield>
  </datafield>
  <datafield tag="519" ind1=" " ind2=" ">
    <subfield code="a"> </subfield>
    <subfield code="d"> </subfield>
  </datafield>
  <datafield tag="650" ind1="1" ind2=" ">
    <subfield code="a">ORGANIZACI&#xD3;N</subfield>
    <subfield code="x">COMPORTAMIENTO</subfield>
  </datafield>
  <datafield tag="650" ind1="2" ind2=" ">
    <subfield code="a">ADMINISTRACI&#xD3;N</subfield>
  </datafield>
  <datafield tag="700" ind1=" " ind2=" ">
    <subfield code="a">Kreitner, Robert </subfield>
    <subfield code="e">autor </subfield>
  </datafield>
  <datafield tag="942" ind1=" " ind2=" ">
    <subfield code="c">LB</subfield>
  </datafield>
</record>
